2022 Philadelphia Phillies Leaders - Statistics

General Stats
  • This quiz has been taken 49 times
  • The average score is 12 of 56
Answer Stats
Statistic Player % Correct
HR (Batting) - 46 Kyle Schwarber
68%
ERA - 2.82 Zack Wheeler
58%
RBI - 94 Kyle Schwarber
55%
OPS - .877 Bryce Harper
48%
OPS+ - 146 Bryce Harper
48%
SLG - .514 Bryce Harper
45%
W - 12 Zack Wheeler
45%
OBP - .364 Bryce Harper
43%
BB (Batting) - 86 Kyle Schwarber
43%
SO (Batting) - 200 Kyle Schwarber
43%
AB - 589 Rhys Hoskins
43%
L - 13 Aaron Nola
40%
GS - 32 Aaron Nola
40%
BA - .286 Bryce Harper
40%
G (Batting) - 156 Rhys Hoskins
40%
PA - 672 Rhys Hoskins
38%
R (Batting) - 100 Kyle Schwarber
35%
TB - 291 Kyle Schwarber
35%
3B - 5 J.T. Realmuto
33%
SB - 21 J.T. Realmuto
33%
CG - 2 Aaron Nola
30%
IP - 205.0 Aaron Nola
30%
GDP - 18 Alec Bohm
28%
SHO - 1 Aaron Nola
25%
Oldest - 37 David Robertson
25%
H (Batting) - 164 Alec Bohm
23%
G (Pitching) - 59 Alvarado/Bellatti
23%
2B - 33 Rhys Hoskins
23%
IBB (Batting) - 9 Bryce Harper
20%
HBP (Batting) - 12 J.T. Realmuto
18%
SO (Pitching) - 235 Aaron Nola
15%
Youngest - 22 Francisco Morales
13%
CS - 6 Jean Segura
13%
SF - 10 Alec Bohm
10%
SH - 1 Camargo/Moniak/Muzziotti/Sosa/Stott/Stubbs
8%
H (Pitching) - 176 Kyle Gibson
8%
ER - 94 Kyle Gibson
8%
BB (Pitching) - 58 Ranger Suarez
8%
WHIP - 0.961 Aaron Nola
5%
SV - 12 Corey Knebel
5%
HBP (Pitching) - 9 Gibson/Nola
5%
R (Pitching) - 98 Kyle Gibson
5%
HR (Pitching) - 24 Kyle Gibson
5%
SO/W - 8.10 Aaron Nola
3%
GF - 29 Corey Knebel
3%
SO9 - 14.3 Jose Alvarado
3%
ERA+ - 141 Zack Wheeler
3%
BF - 807 Aaron Nola
0%
BB9 - 1.3 Aaron Nola
0%
IBB (Pitching) - 4 Jose Alvarado
0%
FIP - 1.92 Jose Alvarado
0%
WP - 13 Nick Nelson
0%
HR9 - 0.1 Nick Nelson
0%
W-L% - .714 Noah Syndergaard
0%
BK - 2 Ranger Suarez
0%
H9 - 6.4 Seranthony Dominguez
0%
No matching quizzes found
Score Distribution
Percent of People with Each Score
Percentile by Number Answered
Your Score History
You have not taken this quiz